Samokontrola manažérov bakalárska práca

Uložené v:
Podrobná bibliografia
Hlavný autor: Hasprová, Mária, 1970-
Korporativný autor: Fakulta podnikového manažmentu EU. Katedra manažmentu
Ďalší autori: Paprskárová, Paulína
Médium: Kniha
Jazyk:Slovak
Vydavateľské údaje: Bratislava 2019
Tagy: Pridať tag
Žiadne tagy, Buďte prvý, kto otaguje tento záznam!

MARC

LEADER 00000nbm a2200000 4500
001 0255239
005 20240627114718.7
041 0 |a slo 
044 |a SK 
245 1 0 |a Samokontrola manažérov  |b bakalárska práca  |c Mária Hasprová ; školiteľ: Paulína Paprskárová 
264 1 |a Bratislava  |c 2019 
300 |a 66 s. 
100 1 |a Hasprová, Mária, 1970- 
700 1 |a Paprskárová, Paulína 
710 2 |a Fakulta podnikového manažmentu EU. Katedra manažmentu